Kultúrne centrum Bratislava

Salvato in:
Dettagli Bibliografici
Autore principale: Chaľ, Dávid (Autore)
Altri autori: Kuráň, Jozef (Relatore della tesi)
Natura: Manoscritto Libro
Lingua:slovacco
Pubblicazione: 2015
Soggetti:
Accesso online:http://is.stuba.sk/zp/portal_zp.pl?podrobnosti=109085
https://opac.crzp.sk/?fn=detailBiblioForm&sid=FF44C990A7CA883E4D8F5F929FD7
Tags: Aggiungi Tag
Nessun Tag, puoi essere il primo ad aggiungerne!!

MARC

LEADER 00000ntm a22000003a 4500
001 stuzp51757
003 SK-STU
005 20231013104017.7
007 ta
008 150427s2015----xo-----f-mn---000-0-slo-d
040 |a STU  |b slo 
041 0 |a slo 
100 1 |a Chaľ, Dávid  |u 010310  |4 aut  |U SvF Stavebná fakulta  |T SvF Katedra architektúry  |X 42262  |U V181|V310  |Y 19  |7 42262 
242 0 1 |a Cultural center in Bratislava  |y eng 
245 1 0 |a Kultúrne centrum Bratislava 
260 |c 2015 
650 4 |a voľný čas  |2 slo 
650 4 |a kultúra  |2 slo 
650 4 |a park  |2 slo 
650 4 |a promenáda  |2 slo 
650 4 |a leisure  |2 eng 
650 4 |a culture  |2 eng 
650 4 |a park  |2 eng 
700 1 |a Kuráň, Jozef  |4 ths  |X 710  |7 A000000710 
856 4 |u http://is.stuba.sk/zp/portal_zp.pl?podrobnosti=109085 
856 4 |u https://opac.crzp.sk/?fn=detailBiblioForm&sid=FF44C990A7CA883E4D8F5F929FD7 
SQL |a stuzp51757  |b DBP  |c SLO  |d Kultúrne centrum Bratislava  |e 42262  |f Chaľ, Dávid  |g 010310  |h 710  |i Kuráň, Jozef  |j 20150623  |k 4  |l 01  |m http://is.stuba.sk/zp/portal_zp.pl?podrobnosti=109085  |n B-PSA  |o 5.1.4. pozemné stavby, 5.1.1. architektúra a urbanizmus